书目信息 |
| 题名: |
录音工程师手册
|
|
| 作者: | 周小东 编著 | |
| 分册: | ||
| 出版信息: | 北京 中国广播影视出版社 2015 |
|
| 页数: | 253页 | |
| 开本: | 26cm | |
| 丛书名: | ||
| 单 册: | ||
| 中图分类: | TN912.12 | |
| 科图分类: | ||
| 主题词: | 录音--技术手册 | |
| 电子资源: | ||
| ISBN: | 978-7-5043-7308-3 | |
| 000 | 01026nam0 2200253 450 | |
| 001 | 012015000203 | |
| 005 | 20151130102330.98 | |
| 010 | @a978-7-5043-7308-3@dCNY40.00 | |
| 100 | @a20150712d2015 em y0chiy50 ea | |
| 101 | 0 | @achi |
| 102 | @aCN@b110000 | |
| 105 | @aa z 000yy | |
| 106 | @ar | |
| 200 | 1 | @a录音工程师手册@Alu yin gong cheng shi shou ce@dThe recording engineer''s handbook@f周小东编著@zeng |
| 205 | @a2版 | |
| 210 | @a北京@c中国广播影视出版社@d2015 | |
| 215 | @a253页@c图@d26cm | |
| 330 | @a本书以实际录音流程为线索,从拾音到混音及母带处理,对各环节中的技术要点及所使用的设备特性作了阐述及说明,其中包括录音声学基础,换能器设计与应用,调音台及周边信号处理设备的原理及应用,模拟及数字信号存储系统,二声道到多声道立体声原理及拾音制式,乐器声学及乐器拾音,音频节目后期处理工艺等。 | |
| 510 | 1 | @aRecording engineer''s handbook@zeng |
| 606 | 0 | @a录音@j技术手册 |
| 690 | @aTN912.12@v5 | |
| 701 | 0 | @a周小东@Azhou xiao dong@4编著 |
| 801 | 0 | @aCN@b碧洲教育@c20151127 |
| 905 | @a10447@f4@dTN912.12@e74=2 | |
| 录音工程师手册=The recording engineer''s handbook/周小东编著.-2版.-北京:中国广播影视出版社,2015 |
| 253页:图;26cm |
| ISBN 978-7-5043-7308-3:CNY40.00 |
| 本书以实际录音流程为线索,从拾音到混音及母带处理,对各环节中的技术要点及所使用的设备特性作了阐述及说明,其中包括录音声学基础,换能器设计与应用,调音台及周边信号处理设备的原理及应用,模拟及数字信号存储系统,二声道到多声道立体声原理及拾音制式,乐器声学及乐器拾音,音频节目后期处理工艺等。 |
| ● |
| 相关链接 |
|
|
|
|
正题名:录音工程师手册
索取号:TN912.12/74=2
 
预约/预借
| 序号 | 登录号 | 条形码 | 馆藏地/架位号 | 状态 | 备注 |
| 1 | 0871177 | 208711777 | 第二样本阅览室/ [索取号:TN912.12/74=2] | 在馆 | |
| 2 | 0871178 | 208711786 | 第三借阅区/ [索取号:TN912.12/74=2] | 在馆 | |
| 3 | 0871179 | 208711795 | 第三借阅区/ [索取号:TN912.12/74=2] | 在馆 | |
| 4 | 0871180 | 208711802 | 第三借阅区/ [索取号:TN912.12/74=2] | 在馆 |